Danh nhân trong lĩnh vực chính trị ngoại giao

Bộ sách gồm 4 tập: Danh nhân trên lĩnh vực chính trị ngoại giao, văn học nghệ thuật, khoa học tự nhiên và tư tưởng triết học. Thông qua cuộc đời và sự nghiệp của họ, bạn đọc không chỉ biết những cống hiến của họ cho nhân loại mà còn hiê...

Πλήρης περιγραφή

Αποθηκεύτηκε σε:
Λεπτομέρειες βιβλιογραφικής εγγραφής
Μορφή: Βιβλίο
Γλώσσα:Undetermined
Έκδοση: Hà Nội Văn hóa Thông tin 2011
Θέματα:
Ετικέτες: Προσθήκη ετικέτας
Δεν υπάρχουν, Καταχωρήστε ετικέτα πρώτοι!
Thư viện lưu trữ: Trung tâm Học liệu Trường Đại học Cần Thơ
LEADER 01175nam a2200193Ia 4500
001 CTU_175449
008 210402s9999 xx 000 0 und d
020 |c 55000 
082 |a 327.2092 
082 |b D107 
245 0 |a Danh nhân trong lĩnh vực chính trị ngoại giao 
245 0 |c Biên soạn Hoàng Lê Minh 
260 |a Hà Nội 
260 |b Văn hóa Thông tin 
260 |c 2011 
520 |a Bộ sách gồm 4 tập: Danh nhân trên lĩnh vực chính trị ngoại giao, văn học nghệ thuật, khoa học tự nhiên và tư tưởng triết học. Thông qua cuộc đời và sự nghiệp của họ, bạn đọc không chỉ biết những cống hiến của họ cho nhân loại mà còn hiểu rõ con đường gian nan, những chướng ngại mà họ phải vượt qua… giành được những thành quả làm thay đổi cả tiến trình phát triển của nhân loại. 
650 |a Diplomacy,Diplomats,Ngoại giao,Nhà ngoại giao 
904 |i Trọng Hiếu 
980 |a Trung tâm Học liệu Trường Đại học Cần Thơ